| 000 | 00706nam a2200205 a 4500 | ||
|---|---|---|---|
| 001 | BRCA_641 | ||
| 005 | 20190320203106.0 | ||
| 008 | 940126s1989 mx-a---##b---#000-0#spa-# | ||
| 020 | _a9682925223 | ||
| 040 |
_aDLC _cDLC _dDLC |
||
| 050 | 4 |
_aN6847 _b.A78 1989 |
|
| 245 | 1 | 0 | _aEl arte francés del siglo XIX en México. |
| 260 |
_aMéxico _bINBA _c1989 |
||
| 300 |
_a65 p. _bil. (algunas a color) _c28 cm. |
||
| 500 | _aCatálogo de la exposición realizada en el Museo de San Carlos (Ciudad de México), noviembre 1989 - enero 1990 | ||
| 500 | _aIncluye lista de catálogo y notas biográficas | ||
| 504 | _aBibliografía: p. 62 | ||
| 650 | 1 | 4 |
_aArte francés _vExposiciones _ySiglo XIX _92148 |
| 942 |
_2lcc _cB |
||
| 999 |
_c557 _d557 |
||